| 000 | 00441nam a2200169 i 4500 | ||
|---|---|---|---|
| 001 | 101395 | ||
| 003 | ES-MaACL | ||
| 005 | 20230906182905.0 | ||
| 007 | t| | ||
| 008 | 051018s1919 fr ||||1| fre d | ||
| 100 | 1 |
_aMazel, Henri. _979471 |
|
| 245 | 1 | 0 |
_aCe qu'il faut lire dans sa vie / _cHenri Mazel. |
| 250 | _a14ยช ed. | ||
| 260 |
_aParis : _bMercure de France, _c1919. |
||
| 300 |
_a392 p. ; _c19 cm. |
||
| 852 |
_aES-MaACL _jF-12836 |
||
| 999 |
_c101395 _d101395 |
||